000 00971nam a2200277Ia 4500
001 Para_7742
003 CHAP
008 220125s1929 xx 000 0 und d
010 _a206578
040 _cCHAP
082 _aPA-C 595.77 D5
100 _aGinsburg, Joseph M.
_948089
245 _aRelation between toxicity of oil and its penetration :
_b into respiratory siphons of mosquito larvae /
_c by Joseph M. Ginsburg
300 _a15 p.
440 _aDíptera ; 2
_9172861
500 _aSobretiro de : Proceedings of the sixteenth annual meeting of the New Jersey mosquito extermination association, February, 1929 Encuadernado con inpresos similares
650 _aDípteros
_x colecciones de escritos
_933718
650 _aPetróleo como insecticidad
_9172867
901 _aPA-C 595.77 D5
902 _aA
905 _a0000001929 0000000000 00
910 _a1929
942 _cPARA
942 _cPARA
_d1
999 _c206578
_d206578